00510nam a2200181 a 4500008004100000020001500041050001500056100002400071245008900095250001200184260002800196300001900224350000900243650001100252650002000263700002300283700002200306090325s2005 ||||||||||||||||| || u a0702026948 aRC 681 Jul aMcLenachan, James M10aCardiology. -- 8th ed.cDesmond G. Julian, J. Campbell Cowan and James M. McLenachan a8th ed. aLondon:bElsevierc2005 ax, 387p.: ill. a0.00 aHEALTH aHEART--DISEASES aCowan, J. Campbell aJulian, Desmond G